Science Quiz

Random Science or Astronomy Quiz

All Named Moons of the Solar System Quiz Stats

 Plays Quiz Updated Dec 20, 2018

Support Sporcle.
Go Orange.
Score 0/156 Timer 20:00
8 Plays Today
(Dwarf) Planet Name % Correct
EarthMoon
95.9%
JupiterIo
86.6%
SaturnTitan
80.9%
JupiterEuropa
79.9%
JupiterGanymede
79.3%
MarsPhobos
78.1%
MarsDeimos
74.7%
JupiterCallisto
70.8%
NeptuneTriton
62.3%
PlutoCharon
61.9%
UranusTitania
55.4%
UranusOberon
53.7%
SaturnRhea
49.2%
UranusMiranda
49.2%
UranusAriel
49.2%
SaturnEnceladus
48.1%
PlutoNix
46.7%
UranusUmbriel
45.7%
PlutoHydra
44.7%
UranusPuck
44.3%
SaturnPhoebe
44.1%
SaturnDione
43.6%
SaturnMimas
43.4%
SaturnIapetus
42.6%
SaturnHyperion
42.3%
SaturnTethys
41.8%
SaturnPan
41.2%
UranusJuliet
40.4%
PlutoStyx
40.2%
JupiterAmalthea
38.8%
SaturnPrometheus
37.1%
SaturnPandora
36.5%
UranusOphelia
36.5%
NeptuneNereid
35.7%
SaturnAtlas
35.6%
UranusDesdemona
35.3%
PlutoKerberos
35.2%
SaturnCalypso
34.7%
JupiterThebe
34.5%
JupiterHimalia
34.1%
ErisDysnomia
34.1%
SaturnJanus
34.1%
UranusCordelia
33.5%
UranusBianca
32.7%
JupiterLeda
32.5%
JupiterElara
32.1%
UranusRosalind
32.1%
UranusCressida
32%
UranusPortia
32%
UranusBelinda
31.6%
UranusCupid
31.6%
JupiterMetis
31.2%
(Dwarf) Planet Name % Correct
UranusCaliban
30.7%
JupiterSinope
30.7%
UranusFerdinand
30.6%
UranusProspero
30.6%
NeptuneProteus
30.5%
NeptuneNaiad
30.3%
JupiterPasiphae
30.3%
SaturnEpimetheus
30.2%
SaturnHelene
30.1%
UranusMargaret
30%
JupiterDia
29.4%
SaturnYmir
29.3%
JupiterCarme
29.2%
JupiterAnanke
29%
UranusSycorax
28.7%
UranusFrancisco
28.6%
JupiterKale
28.6%
UranusMab
28.6%
HaumeaNamaka
28.5%
HaumeaHi'iaka
28.5%
JupiterAdrastea
28.3%
NeptuneLarissa
28.2%
NeptuneGalatea
28.2%
SaturnTelesto
27.8%
JupiterLysithea
27.4%
JupiterHerse
27.4%
JupiterKore
27.2%
NeptuneThalassa
27.2%
NeptuneSao
27.1%
JupiterThemisto
27%
UranusStephano
26.9%
SaturnFenrir
26.8%
UranusPerdita
26%
SaturnSkoll
25.8%
JupiterIocaste
25.4%
NeptuneDespina
25.4%
UranusTrinculo
25.1%
SaturnAegaeon
24.9%
UranusSetebos
24.7%
JupiterMegaclite
24.6%
SaturnAegir
24.3%
JupiterCallirrhoe
24.3%
JupiterMneme
24.2%
SaturnDaphnis
24.2%
JupiterCarpo
24.2%
SaturnLoge
23.9%
SaturnMethone
23.9%
NeptuneNeso
23.8%
SaturnPolydeuces
23.4%
JupiterArche
23.3%
SaturnHati
23.2%
SaturnGreip
23.2%
(Dwarf) Planet Name % Correct
SaturnTarqeq
23.1%
SaturnKari
23%
SaturnSurtur
23%
SaturnAnthe
22.8%
SaturnPallene
22.7%
JupiterAutonoe
22.7%
JupiterPasithee
22.7%
JupiterSponde
22.6%
JupiterIsonoe
22.2%
SaturnBestla
22.1%
NeptuneLaomedeia
22.1%
JupiterTaygete
22.1%
JupiterKalyke
22.1%
SaturnNarvi
22.1%
JupiterChaldene
22%
SaturnPaaliaq
22%
JupiterEurydome
21.9%
JupiterHegemone
21.7%
SaturnFornjot
21.7%
JupiterHarpalyke
21.6%
SaturnTarvos
21.5%
NeptuneHalimede
21.5%
SaturnJarnsaxa
21.5%
JupiterErinome
21.4%
JupiterPraxidike
21.4%
NeptunePsamathe
21.4%
JupiterEuporie
21.3%
JupiterHelike
21.2%
JupiterAitne
21.1%
SaturnBergelmir
21%
JupiterEuanthe
20.9%
JupiterValetudo
20.8%
JupiterThyone
20.6%
SaturnSuttungr
20.6%
JupiterKallichore
20.5%
SaturnIjiraq
20.5%
JupiterCyllene
20.4%
SaturnSkathi
20.3%
SaturnThrymr
20.2%
JupiterHermippe
20.2%
SaturnKiviuq
20.1%
SaturnAlbiorix
20.1%
SaturnFarbauti
19.6%
JupiterAoede
19.4%
JupiterOrthosie
19.4%
SaturnMundilfari
18.9%
JupiterEukelade
18.7%
SaturnBebhionn
18.5%
SaturnSiarnaq
18.5%
JupiterThelxinoe
18.2%
SaturnHyrrokkin
18%
SaturnErriapus
17.6%

From the Vault

Christmas Song Excerpts

by iglew

Holiday 6m
There are so many great Christmas songs, we decided to save time and sing a line from each.
Remove Ads.
Support Sporcle.
Get the best of Sporcle when you Go Orange. This ad-free experience offers more features, more stats, and more fun while also helping to support Sporcle. Thank you for becoming a member.

Show Comments

Extras

Top Quizzes Today


Score Distribution

Your Account Isn't Verified!

In order to create a playlist on Sporcle, you need to verify the email address you used during registration. Go to your Sporcle Settings to finish the process.

Report this User

Report this user for behavior that violates our Community Guidelines.

Details: